000 00556nam a2200145 a 4500
005 20140412111426.0
008 090626s19uu xx 00 eng d
020 _a0-439-15587-8
050 _aTR(GS 372.1
_bS8 2001
100 _aSanders, Nancy
245 _aRead & Write mini books that teach word families :
_bFun and interative rhyming stories that give kids practice with 25 key woed families and put them on the path to reading success! /
_cNancy I. Sanders.
260 _aU.S.A :
_bScholastic,
_c2001.
500 _aGrades Pre K - 1
999 _c106229
_d106229